Memoria sobre los fuegos cubiertos, presentada en 1º de setiembre de 1847 al Excmo. Sr. Ingeniero General, sobre la primera cuestión de las llamadas a concurso para los premios que han de adjudicarse este año, según el programa circulado en 15 de noviembre de 1846 / (Record no. 156085)

MARC details
000 -LEADER
campo de control de longitud fija 00937nam a2200193 i 4500
001 - NÚMERO DE CONTROL
campo de control 156085
003 - IDENTIFICADOR DE NÚMERO DE CONTROL
campo de control ES-MaACL
005 - FECHA Y HORA DE LA ÚLTIMA TRANSACCIÓN
campo de control 20250817154036.0
008 - DATOS DE LONGITUD FIJA--INFORMACIÓN GENERAL
campo de control de longitud fija 991116s1850 sp |||| | spa d
100 1# - ENTRADA PRINCIPAL--NOMBRE DE PERSONA
Nombre de persona Irizar, José.
9 (RLIN) 128202
245 10 - MENCIÓN DEL TÍTULO
Título Memoria sobre los fuegos cubiertos, presentada en 1º de setiembre de 1847 al Excmo. Sr. Ingeniero General, sobre la primera cuestión de las llamadas a concurso para los premios que han de adjudicarse este año, según el programa circulado en 15 de noviembre de 1846 /
Mención de responsabilidad, etc. por el coronel de Infantería... D. José de Irizar.
260 ## - PUBLICACIÓN, DISTRIBUCIÓN, ETC.
Lugar de publicación, distribución, etc. Madrid :
Nombre del editor, distribuidor, etc. [s.n.],
Fecha de publicación, distribución, etc. 1850 (
Fabricante Imp. Nacional)
300 ## - DESCRIPCIÓN FÍSICA
Extensión 39 p. ;
Dimensiones 23 cm.
597 ## - NOTA DE DESCRIPCIÓN FÍSICA
NOTA DE DESCRIPCIÓN FÍSICA Port. con esc. real xil.
650 #4 - PUNTO DE ACCESO ADICIONAL DE MATERIA--TÉRMINO DE MATERIA
Término de materia o nombre geográfico como elemento de entrada Fortificaciones-
Subdivisión geográfica España.
9 (RLIN) 161714
710 2# - ENTRADA AGREGADA--NOMBRE DE ENTIDAD CORPORATIVA
Nombre de entidad corporativa o nombre de jurisdicción como elemento de entrada Imprenta Nacional
9 (RLIN) 134461
852 4# - LOCALIZACIÓN
Ubicación ES-MaACL
Número de control de estantería T-100-F-7
Nota libre - Enc. hol., falto de cub. original
-- - Enc. en un vol. facticio
Holdings
Estatus retirado Estado de pérdida Estado de daño No para préstamo Colección Biblioteca de origen Biblioteca actual Ubicación en estantería Fecha de adquisición Total de préstamos Signatura topográfica completa Código de barras Visto por última vez Precio de reemplazo Tipo de ítem Koha
        Colección de folletos Biblioteca del Ateneo de Madrid Biblioteca del Ateneo de Madrid Depósito folletos 17/01/2008   T-100-F-7 1163293 23/02/2023 23/02/2023 Folleto